| 000 | 00502nam a2200169Ia 4500 | ||
|---|---|---|---|
| 008 | 140626s9999 xx 000 0 und d | ||
| 100 | _aChin, Yen-Fan. | ||
| 245 |
_aDevelopment and validation of a diabetes foot self-care behavior scale / _cYen-Fan Chin ... [et al.]. |
||
| 260 | _cc2013. | ||
| 300 | _a21 : 1, page 19 | ||
| 440 | _aThe Journal of Nursing Research (JNR) | ||
| 521 | _aNUR | ||
| 650 | _aDiabetic foot. | ||
| 650 | _aScale development. | ||
| 650 | _aSelf-care. | ||
| 942 | _cSE | ||
| 999 |
_c121394 _d121394 |
||